[Event "Florencia Caqueta-ch"]
[Site "Florencia"]
[Date "2021.04.02"]
[Round "6"]
[White "Ruiz, Kenny"]
[Black "Diaz, Diego Alejandro"]
[Result "1-0"]
[WhiteElo "1778"]
[BlackElo "1505"]
[PlyCount "29"]
[EventDate "2021.03.30"]
[EventType "swiss"]
[EventRounds "6"]
[EventCountry "COL"]
[SourceTitle "EXT 2022"]
[Source "ChessBase"]
[SourceDate "2021.10.06"]
[SourceVersion "1"]
[SourceVersionDate "2021.10.06"]
[SourceQuality "1"]

1. e4 e5 2. Nf3 Nc6 3. d4 exd4 4. Bc4 Bc5 5. Ng5 Ne5 6. Nxf7 Bb4+ 7. c3 Nxf7 8. Bxf7+ Kxf7 9. Qb3+ d5 10. Qxb4 dxe4 11. cxd4 Nf6 12. Nc3 b6 13. 0-0 a5 14. Qc4+ Be6 15. d5 1-0

[Event "COL-ch U16 sf1"]
[Site "Duitama"]
[Date "2019.04.11"]
[Round "1.10"]
[White "Tipiani Martinez, Paula Sofia"]
[Black "Diaz, Diego Alejandro"]
[Result "0-1"]
[WhiteElo "1500"]
[BlackElo "1515"]
[PlyCount "46"]
[EventDate "2019.04.11"]
[EventType "swiss"]
[EventRounds "6"]
[EventCountry "COL"]
[SourceTitle "EXT 2024"]
[Source "ChessBase"]
[SourceDate "2023.10.10"]
[SourceVersion "1"]
[SourceVersionDate "2023.10.10"]
[SourceQuality "1"]

1. e4 e5 2. Nf3 Nc6 3. Bc4 Bc5 4. c3 Nf6 5. d4 exd4 6. cxd4 Bb4+ 7. Nc3 h6 8. 0-0 d6 9. a3 Ba5 10. b4 Bb6 11. d5 Ne7 12. e5 dxe5 13. Nxe5 0-0 14. Bxh6 gxh6 15. Qd3 Bf5 16. Qg3+ Kh7 17. Rad1 Ng6 18. Bd3 Bxd3 19. Rxd3 Nh5 20. Qg4 Nf6 21. Qg3 Qd6 22. Ne4 Nxe4 23. Qh4 Nxh4 0-1

[Event "COL-ch School U17"]
[Site "Florencia"]
[Date "2018.12.07"]
[Round "4.3"]
[White "Tobar Beltran, Jorge Esteban"]
[Black "Diaz, Diego Alejandro"]
[Result "1-0"]
[WhiteElo "1690"]
[BlackElo "1552"]
[PlyCount "83"]
[EventDate "2018.12.06"]
[EventType "swiss"]
[EventRounds "6"]
[EventCountry "COL"]
[SourceTitle "EXT 2024"]
[Source "ChessBase"]
[SourceDate "2023.10.10"]
[SourceVersion "1"]
[SourceVersionDate "2023.10.10"]
[SourceQuality "1"]

1. d4 Nf6 2. Bg5 d5 3. e3 g6 4. Bxf6 exf6 5. h4 h5 6. c4 c6 7. Nc3 f5 8. cxd5 cxd5 9. Qb3 Nc6 10. Qxd5 Be6 11. Qxd8+ Rxd8 12. Nf3 Be7 13. Ng5 0-0 14. Nxe6 fxe6 15. Bc4 Kf7 16. a3 Bf6 17. g3 a6 18. 0-0 Ne7 19. Rac1 Rc8 20. Ne2 g5 21. Kg2 Nd5 22. hxg5 Bxg5 23. Bxd5 exd5 24. Nc3 Ke6 25. Na4 Be7 26. b4 Rc6 27. Rxc6+ bxc6 28. Rc1 Kd6 29. Nc5 Ra8 30. Rh1 h4 31. gxh4 a5 32. Nb7+ Kc7 33. Nxa5 Rh8 34. h5 Rh6 35. Kf3 Bd6 36. Ke2 f4 37. Rc1 Rxh5 38. Rxc6+ Kd7 39. Rc2 fxe3 40. fxe3 Rh2+ 41. Kd3 Rh3 42. Nb3 1-0

[Event "Bogota sf2 U16"]
[Site "Bogota"]
[Date "2018.03.31"]
[Round "4.2"]
[White "Tobar Beltran, Jorge Esteban"]
[Black "Diaz, Diego Alejandro"]
[Result "1-0"]
[WhiteElo "1765"]
[BlackElo "1565"]
[PlyCount "51"]
[EventDate "2018.03.29"]
[EventType "swiss"]
[EventRounds "6"]
[EventCountry "COL"]
[SourceTitle "EXT 2024"]
[Source "ChessBase"]
[SourceDate "2023.10.10"]
[SourceVersion "1"]
[SourceVersionDate "2023.10.10"]
[SourceQuality "1"]

1. d4 d5 2. Bg5 Nc6 3. e3 f6 4. Bh4 Nh6 5. c4 Nf5 6. Bg3 h5 7. h3 e6 8. Bh2 Bd6 9. Nf3 Bxh2 10. Rxh2 Qd6 11. Nc3 a6 12. c5 Qe7 13. Bd3 g6 14. Rb1 Kf7 15. b4 Re8 16. g4 Ng7 17. Qb3 Bd7 18. Kd2 Na7 19. Rg1 Rg8 20. Qc2 f5 21. Ne5+ Ke8 22. Rhg2 hxg4 23. hxg4 g5 24. gxf5 Nxf5 25. Bxf5 exf5 26. Nxd5 1-0

[Event "Bogota sf2 U16"]
[Site "Bogota"]
[Date "2018.03.30"]
[Round "3.6"]
[White "Diaz, Diego Alejandro"]
[Black "Macias Chavarro, Manuela"]
[Result "1-0"]
[WhiteElo "1565"]
[BlackElo "1417"]
[PlyCount "75"]
[EventDate "2018.03.29"]
[EventType "swiss"]
[EventRounds "6"]
[EventCountry "COL"]
[SourceTitle "EXT 2024"]
[Source "ChessBase"]
[SourceDate "2023.10.10"]
[SourceVersion "1"]
[SourceVersionDate "2023.10.10"]
[SourceQuality "1"]

1. e4 e5 2. Nf3 Nc6 3. Bc4 Bc5 4. c3 d6 5. d3 Bg4 6. Nbd2 Nf6 7. h3 Bh5 8. Bb3 h6 9. Nf1 Qd7 10. Ng3 Bg6 11. 0-0 Nh5 12. Nxe5 dxe5 13. Nxh5 0-0-0 14. Bc2 f5 15. Ng3 f4 16. Nh1 Rhf8 17. Kh2 f3 18. Ng3 h5 19. Be3 Qe7 20. b4 Bxe3 21. fxe3 h4 22. Nf5 Bxf5 23. exf5 fxg2 24. Kxg2 Kb8 25. Qg4 Rf6 26. e4 Rdf8 27. Bb3 Rh6 28. Kh2 Rd6 29. Rf3 a5 30. a3 Na7 31. Bc4 b5 32. Bd5 Nc6 33. Rg1 axb4 34. axb4 Nd8 35. Qxg7 Qxg7 36. Rxg7 c6 37. Bb3 Rh6 38. d4 1-0

[Event "COL-ch U17"]
[Site "Pereira"]
[Date "2017.11.30"]
[Round "1.8"]
[White "Moreno Bolanos, Nicolas"]
[Black "Diaz, Diego Alejandro"]
[Result "1-0"]
[WhiteElo "1485"]
[BlackElo "1529"]
[PlyCount "81"]
[EventDate "2017.11.30"]
[EventType "swiss"]
[EventRounds "6"]
[EventCountry "COL"]
[SourceTitle "EXT 2024"]
[Source "ChessBase"]
[SourceDate "2023.10.10"]
[SourceVersion "1"]
[SourceVersionDate "2023.10.10"]
[SourceQuality "1"]

1. Nf3 d5 2. d4 Nf6 3. c4 e6 4. Nc3 Be7 5. cxd5 exd5 6. Bf4 c6 7. h3 Bf5 8. e3 0-0 9. Be2 Nbd7 10. 0-0 Ne4 11. Qb3 b6 12. Rac1 g5 13. Bh2 Kh8 14. Nxe4 dxe4 15. Ne5 Nxe5 16. Bxe5+ f6 17. Bh2 Qd7 18. Rfd1 Bd6 19. Bxd6 Qxd6 20. Ba6 Rg8 21. Bb7 Bxh3 22. gxh3 g4 23. Bxa8 gxh3+ 24. Kf1 h2 25. Ke2 Rxa8 26. d5 c5 27. Qc4 f5 28. Qc3+ Kg8 29. Rh1 Kf7 30. Rcd1 Rd8 31. Qa3 Rd7 32. Qc3 f4 33. exf4 Qxf4 34. Qg3 Qf6 35. Rxh2 Qxb2+ 36. Rd2 Qb5+ 37. Ke3 Kf8 38. Qf4+ Rf7 39. Qd6+ Re7 40. Rxh7 Qe8 41. Rh8+ 1-0

[Event "COL-chT"]
[Site "Ibague"]
[Date "2017.07.20"]
[Round "3.3"]
[White "Diaz, Diego Alejandro"]
[Black "Guzman, Pedro Juan"]
[Result "0-1"]
[WhiteElo "1507"]
[BlackElo "1833"]
[PlyCount "52"]
[EventDate "2017.07.19"]
[EventType "team-swiss"]
[EventRounds "6"]
[EventCountry "COL"]
[SourceTitle "CBM 179 Extra"]
[Source "ChessBase"]
[SourceDate "2017.08.23"]
[SourceVersion "1"]
[SourceVersionDate "2017.08.23"]
[SourceQuality "1"]
[WhiteTeam "Caqueta II"]
[BlackTeam "Fuerzas Armadas II"]
[WhiteTeamCountry "COL"]
[BlackTeamCountry "COL"]

1. e4 c5 2. Nf3 Nc6 3. Bb5 d6 4. Bxc6+ bxc6 5. b3 Nf6 6. d3 Bg4 7. Nbd2 e5 8. 0-0 Be7 9. Bb2 0-0 10. h3 Bh5 11. Re1 Rb8 12. Nf1 Nd7 13. Ng3 Bg6 14. Qd2 f5 15. exf5 Bxf5 16. Qe3 Bg6 17. d4 cxd4 18. Nxd4 Bg5 19. Nxc6 Bxe3 20. Nxd8 Bxf2+ 21. Kh2 Bxe1 22. Nc6 Bxg3+ 23. Kxg3 Rb6 24. Ne7+ Kf7 25. Nxg6 Kxg6 26. Rd1 Nf6 0-1

[Event "COL-ch School U15"]
[Site "Monteria"]
[Date "2016.12.11"]
[Round "6.4"]
[White "Alvarez Angel, Nelson Eduardo"]
[Black "Diaz, Diego Alejandro"]
[Result "1-0"]
[WhiteElo "1826"]
[BlackElo "1452"]
[PlyCount "69"]
[EventDate "2016.12.07"]
[EventType "swiss"]
[EventRounds "6"]
[EventCountry "COL"]
[SourceTitle "EXT 2024"]
[Source "ChessBase"]
[SourceDate "2023.10.10"]
[SourceVersion "1"]
[SourceVersionDate "2023.10.10"]
[SourceQuality "1"]

1. d4 d5 2. c4 e6 3. Nc3 Nf6 4. Bg5 Nbd7 5. Nf3 Be7 6. e3 0-0 7. Bd3 b6 8. 0-0 Bb7 9. b3 c5 10. Rc1 Qc7 11. Bf4 Bd6 12. Nb5 Qc6 13. Bxd6 Rfc8 14. Bg3 a6 15. Nd6 Rd8 16. Nxb7 Qxb7 17. Ne5 Ne4 18. Nxd7 Qxd7 19. Qc2 f5 20. cxd5 exd5 21. dxc5 Rac8 22. c6 Qe6 23. Bxa6 Nxg3 24. Bxc8 Rxc8 25. hxg3 g6 26. c7 Kf7 27. Qc6 Qxc6 28. Rxc6 Ke7 29. Rfc1 Kd7 30. f4 b5 31. b4 h6 32. Rxg6 Rxc7 33. Rg7+ Ke6 34. Rcxc7 h5 35. Rg6# 1-0

[Event "Caqueta Florencia op"]
[Site "Caqueta"]
[Date "2016.12.03"]
[Round "5"]
[White "Cedeno Chavarro, Daniel Camilo"]
[Black "Diaz, Diego Alejandro"]
[Result "1-0"]
[WhiteElo "1555"]
[BlackElo "1452"]
[PlyCount "61"]
[EventDate "2016.12.01"]
[EventType "swiss"]
[EventRounds "6"]
[EventCountry "COL"]
[SourceTitle "CBM 176 Extra"]
[Source "ChessBase"]
[SourceDate "2017.03.02"]
[SourceVersion "1"]
[SourceVersionDate "2017.03.02"]
[SourceQuality "1"]

1. e4 e5 2. Nf3 Nc6 3. d4 exd4 4. Nxd4 Bc5 5. Be3 Qf6 6. Nxc6 Bxe3 7. fxe3 Qxb2 8. Qd4 Qc1+ 9. Qd1 Qxe3+ 10. Qe2 Qxe2+ 11. Bxe2 dxc6 12. Nd2 Nf6 13. e5 Ng4 14. Bxg4 Bxg4 15. Rf1 0-0 16. Rb1 Rab8 17. Rf4 Be6 18. a3 Bd5 19. g3 Rfe8 20. Rf5 g6 21. Rg5 f6 22. Rg4 Rxe5+ 23. Kf2 Rf5+ 24. Ke1 Re8+ 25. Kd1 Bf3+ 26. Nxf3 Rxf3 27. Rxb7 Rxa3 28. Rxc7 Rd8+ 29. Kc1 Ra1+ 30. Kb2 Ra5 31. Re4 1-0